frero delavega - Statistiques

Statistiques générales
  • Ce quiz a été pris 21 fois
  • Le résultat moyen est 4 sur 10
Statistiques - réponses
Question Réponse % Correct
quel est le plus gros tubes du duo les fréro delavega? Le chant des sirènes
100%
Combien d'album ont ils sorti? 2
71%
continuer les paroles: J'veux des larmes qui ne coupent pas Et moins de peines en 4 par 3 Un bonheur simple mais à mon goût C'est un peu vrai mais ça fait tout J'veux plus de houle dans mon écume
71%
qui a fais de duo avec jeremy frero? Tibz
71%
jusqu'où sont ils allés dans l'emission the voice? quart de finale
43%
Ou sont nés les frero delavega? bordeaux et bruges
29%
en quelle année le groupe c'est formé? 2011
14%
comment s'appellent les fréro delavega Jérémy fréro et Florian garcia
14%
Que sont les deux professions des deux hommes? sauveteurs en mer
14%
quelle musique n'est pas dans l'album de jeremy frero : " meilleure vie"? sous l'eau
0%
Aucun quiz correspondant
Distribution des résultats
% des personnes avec chaque résultat
Percentile par nombre de réponses
Votre historique - résultats
Vous n’avez pas pris ce quiz